000
00268nam a2200109Ia 4500
008
190907s9999||||xx |||||||||||||| ||und||
100
_a
David A.Decenzo
245
0
_a
Human Resource Management
260
_a
New Delhi
_b
McGraw Hill
_c
2002
300
_a
462
942
_c
BK
999
_c
6566
_d
6566